[Event "15. Obert Internacional Pobla de Lillet"]
[Site "Pobla de Lillet ESP"]
[Date "2005.08.02"]
[Round "1.1"]
[White "Sanchez Gonzalez, Sergio"]
[Black "Burmakin, Vladimir"]
[Result "1-0"]
[WhiteElo "2007"]
[BlackElo "2558"]
[PlyCount "77"]
[EventDate "2005.08.02"]
[EventType "swiss"]
[EventRounds "9"]
[EventCountry "ESP"]
[SourceTitle "Ajedrez en Madrid"]
[Source "lmi"]
[SourceDate "2005.08.11"]
[SourceVersion "1"]
[SourceVersionDate "2020.06.30"]
[SourceQuality "1"]

1. d4 c6 2. c4 Nf6 3. Nf3 d5 4. Nc3 a6 5. cxd5 cxd5 6. g3 b5 7. a3 Bb7 8. Bg2
e6 9. O-O Nbd7 10. b4 Be7 11. Nd2 a5 12. bxa5 Qxa5 13. Qb3 O-O 14. Bb2 Bc6 15.
e4 Nb6 16. e5 Nfd7 17. f4 Nc4 18. Nxc4 bxc4 19. Qc2 Qb6 20. Kh1 f5 21. exf6
Bxf6 22. f5 Bxd4 23. fxe6 Rxf1+ 24. Rxf1 Nf6 25. e7 Qc5 26. Qe2 Be3 27. Nd1 d4
28. Bxd4 Bxd4 29. Qe6+ Kh8 30. Qxc6 Rg8 31. Rxf6 gxf6 32. e8=Q Rxe8 33. Qxe8+
Kg7 34. Qd7+ Kg6 35. Qd5 Qxd5 36. Bxd5 c3 37. Be4+ Kg5 38. Kg2 h5 39. h4+ 1-0

[Event "15. Obert Internacional Pobla de Lillet"]
[Site "Pobla de Lillet ESP"]
[Date "2005.08.02"]
[Round "1.3"]
[White "Parayre Soguero, Jordi"]
[Black "Kosten, Anthony C"]
[Result "0-1"]
[WhiteElo "1997"]
[BlackElo "2522"]
[PlyCount "64"]
[EventDate "2005.08.02"]
[EventType "swiss"]
[EventRounds "9"]
[EventCountry "ESP"]
[SourceTitle "Ajedrez en Madrid"]
[Source "lmi"]
[SourceDate "2005.08.11"]
[SourceVersion "1"]
[SourceVersionDate "2020.06.30"]
[SourceQuality "1"]

1. d4 Nf6 2. Nf3 g6 3. c4 Bg7 4. Nc3 O-O 5. e4 d6 6. Be2 Nbd7 7. O-O e5 8. d5
Nc5 9. Qc2 a5 10. Nd2 Nfd7 11. Nb3 f5 12. Nxc5 Nxc5 13. Be3 f4 14. Bxc5 dxc5
15. a3 g5 16. Qd1 Ra6 17. Na4 Qe7 18. Bg4 Bxg4 19. Qxg4 f3 20. g3 Rg6 21. Rfd1
b6 22. Rd3 Rgf6 23. Rad1 h5 24. Qxh5 Qd7 25. d6 Qxa4 26. dxc7 R6f7 27. Rd8 Rxc7
28. Qxg5 Rcf7 29. Rxf8+ Rxf8 30. Rd6 Qc2 31. h4 Qb1+ 32. Kh2 Qf1 0-1

[Event "15. Obert Internacional Pobla de Lillet"]
[Site "Pobla de Lillet ESP"]
[Date "2005.08.02"]
[Round "1.4"]
[White "Hebden, Mark"]
[Black "Garcia Garrido, Enric"]
[Result "1-0"]
[WhiteElo "2510"]
[BlackElo "1991"]
[PlyCount "55"]
[EventDate "2005.08.02"]
[EventType "swiss"]
[EventRounds "9"]
[EventCountry "ESP"]
[SourceTitle "Ajedrez en Madrid"]
[Source "lmi"]
[SourceDate "2005.08.11"]
[SourceVersion "1"]
[SourceVersionDate "2020.06.30"]
[SourceQuality "1"]

1. d4 Nf6 2. Nf3 g6 3. Nc3 d5 4. Bf4 c6 5. h3 Bg7 6. e3 O-O 7. Bd3 Nbd7 8. O-O
Re8 9. Bh2 a6 10. a4 b6 11. a5 c5 12. Ne5 Bb7 13. axb6 c4 14. Be2 Nxb6 15. b3
Nfd7 16. Nxd7 Qxd7 17. bxc4 Nxc4 18. Na4 Qc6 19. Nc5 Bh6 20. Qb1 Nxe3 21. fxe3
Bxe3+ 22. Kh1 Bxd4 23. Qxb7 Qxc5 24. Rxa6 Rxa6 25. Bxa6 Rf8 26. Qd7 Qa7 27. Bb7
e6 28. Bd6 1-0

[Event "15. Obert Internacional Pobla de Lillet"]
[Site "Pobla de Lillet ESP"]
[Date "2005.08.02"]
[Round "1.5"]
[White "Vegara Gallego, Pere"]
[Black "Petkov, Vladimir"]
[Result "0-1"]
[WhiteElo "1979"]
[BlackElo "2475"]
[PlyCount "42"]
[EventDate "2005.08.02"]
[EventType "swiss"]
[EventRounds "9"]
[EventCountry "ESP"]
[SourceTitle "Ajedrez en Madrid"]
[Source "lmi"]
[SourceDate "2005.08.11"]
[SourceVersion "1"]
[SourceVersionDate "2020.06.30"]
[SourceQuality "1"]

1. e4 c5 2. d4 cxd4 3. c3 dxc3 4. Nxc3 Nc6 5. Nf3 d6 6. Bc4 Nf6 7. O-O a6 8.
Qe2 Bg4 9. Rd1 e6 10. Bf4 Nh5 11. Be3 Ne5 12. Bb3 Bxf3 13. gxf3 Qh4 14. Kg2 Be7
15. Rg1 Bg5 16. Bxg5 Qxg5+ 17. Kh1 Qf6 18. Bd1 Rc8 19. Rb1 Nf4 20. Qe1 g5 21.
Qe3 Rg8 0-1

[Event "15. Obert Internacional Pobla de Lillet"]
[Site "Pobla de Lillet ESP"]
[Date "2005.08.02"]
[Round "1.6"]
[White "Baron Rodriguez, Jesus"]
[Black "Parmar, Amisha"]
[Result "1-0"]
[WhiteElo "2445"]
[BlackElo "1956"]
[PlyCount "71"]
[EventDate "2005.08.02"]
[EventType "swiss"]
[EventRounds "9"]
[EventCountry "ESP"]
[SourceTitle "Ajedrez en Madrid"]
[Source "lmi"]
[SourceDate "2005.08.11"]
[SourceVersion "1"]
[SourceVersionDate "2020.06.30"]
[SourceQuality "1"]

1. e4 c5 2. Nf3 d6 3. d4 cxd4 4. Nxd4 Nf6 5. Nc3 g6 6. Be3 Bg7 7. f3 O-O 8. Qd2
Nc6 9. O-O-O Nxd4 10. Bxd4 Be6 11. Kb1 Qc7 12. h4 Rfc8 13. h5 Qa5 14. hxg6 fxg6
15. a3 Rab8 16. g4 b5 17. Qg5 Qc7 18. e5 dxe5 19. Bxe5 Qc5 20. Bxf6 Bxf6 21.
Rd8+ Rxd8 22. Qxc5 Rbc8 23. Qe3 a6 24. Bd3 Bc4 25. Bxc4+ Rxc4 26. Ne4 Bg7 27.
c3 Rc6 28. Qe2 Rdc8 29. f4 e6 30. g5 R8c7 31. Nf6+ Kf8 32. Rxh7 Rc5 33. Qh2
Bxf6 34. gxf6 Ke8 35. f5 exf5 36. Qd6 1-0

[Event "15. Obert Internacional Pobla de Lillet"]
[Site "Pobla de Lillet ESP"]
[Date "2005.08.02"]
[Round "1.7"]
[White "Ayza Casamitjana, Antoni"]
[Black "Pogorelov, Ruslan"]
[Result "0-1"]
[WhiteElo "1954"]
[BlackElo "2442"]
[PlyCount "64"]
[EventDate "2005.08.02"]
[EventType "swiss"]
[EventRounds "9"]
[EventCountry "ESP"]
[SourceTitle "Ajedrez en Madrid"]
[Source "lmi"]
[SourceDate "2005.08.11"]
[SourceVersion "1"]
[SourceVersionDate "2020.06.30"]
[SourceQuality "1"]

1. e4 c5 2. Nf3 Nc6 3. d4 cxd4 4. Nxd4 Qc7 5. Nc3 e6 6. Be2 a6 7. a3 Nf6 8. Be3
Be7 9. Qd2 d6 10. O-O Ne5 11. h3 O-O 12. Rad1 Nc4 13. Bxc4 Qxc4 14. Qd3 Qc7 15.
Bg5 b5 16. Nde2 Rd8 17. Bf4 Bb7 18. f3 h6 19. g4 e5 20. Be3 d5 21. exd5 Bxd5
22. Bf2 Bb7 23. Qe3 Qc6 24. Kg2 a5 25. Ng3 b4 26. Nf5 Bf8 27. axb4 axb4 28. Ne4
Nxe4 29. Qxe4 Qxe4 30. fxe4 Bxe4+ 31. Kg3 Bxc2 32. Rxd8 Rxd8 0-1

[Event "15. Obert Internacional Pobla de Lillet"]
[Site "Pobla de Lillet ESP"]
[Date "2005.08.02"]
[Round "1.8"]
[White "Movsziszian, Karen"]
[Black "Suarez Garcia, Mario"]
[Result "1-0"]
[WhiteElo "2439"]
[BlackElo "1952"]
[PlyCount "91"]
[EventDate "2005.08.02"]
[EventType "swiss"]
[EventRounds "9"]
[EventCountry "ESP"]
[SourceTitle "Ajedrez en Madrid"]
[Source "lmi"]
[SourceDate "2005.08.11"]
[SourceVersion "1"]
[SourceVersionDate "2020.06.30"]
[SourceQuality "1"]

1. e4 e5 2. Nf3 Nc6 3. Bb5 a6 4. Ba4 Nf6 5. d3 b5 6. Bb3 Be7 7. O-O d6 8. c3
O-O 9. h3 Bb7 10. Re1 Re8 11. Nbd2 h6 12. Nf1 Na5 13. Bc2 c5 14. Ng3 c4 15. d4
Nc6 16. d5 Nb8 17. Nf5 Bf8 18. Nh2 Nbd7 19. g4 Nh7 20. Nf3 Nc5 21. h4 Bc8 22.
Qd2 Bxf5 23. gxf5 Be7 24. h5 Bg5 25. Qe2 Bxc1 26. Raxc1 Ng5 27. Kg2 Nxf3 28.
Qxf3 Qg5+ 29. Kh3 Qf6 30. Rg1 Kh7 31. b3 cxb3 32. axb3 a5 33. b4 axb4 34. cxb4
Na6 35. Rb1 Rec8 36. Bd3 Rc3 37. Rg3 Rac8 38. Qd1 Qe7 39. Bxb5 Qb7 40. Qf1 Nb8
41. f3 Qb6 42. Qg2 Rxf3 43. Qxf3 Qxb5 44. Rbg1 Qd7 45. Rxg7+ Kh8 46. Qg3 1-0

[Event "15. Obert Internacional Pobla de Lillet"]
[Site "Pobla de Lillet ESP"]
[Date "2005.08.02"]
[Round "1.9"]
[White "Febrero Perez, Lluis"]
[Black "Bernal Moro, Luis Javier"]
[Result "0-1"]
[WhiteElo "1946"]
[BlackElo "2431"]
[PlyCount "36"]
[EventDate "2005.08.02"]
[EventType "swiss"]
[EventRounds "9"]
[EventCountry "ESP"]
[SourceTitle "Ajedrez en Madrid"]
[Source "lmi"]
[SourceDate "2005.08.11"]
[SourceVersion "1"]
[SourceVersionDate "2020.06.30"]
[SourceQuality "1"]

1. e4 c5 2. Nf3 e6 3. d4 cxd4 4. Nxd4 Nc6 5. Nxc6 bxc6 6. Be3 Nf6 7. Nd2 d5 8.
exd5 exd5 9. Nf3 Bd6 10. Be2 Rb8 11. Bd4 c5 12. Bxf6 Qxf6 13. Qxd5 O-O 14. Rd1
Rd8 15. b3 c4 16. Qxc4 Bb4+ 17. Kf1 Rxd1+ 18. Bxd1 Ba6 0-1

[Event "15. Obert Internacional Pobla de Lillet"]
[Site "Pobla de Lillet ESP"]
[Date "2005.08.02"]
[Round "1.10"]
[White "Alonso Moyano, Jonathan"]
[Black "Del Valle Cirera, Adria"]
[Result "1-0"]
[WhiteElo "2406"]
[BlackElo "1934"]
[PlyCount "81"]
[EventDate "2005.08.02"]
[EventType "swiss"]
[EventRounds "9"]
[EventCountry "ESP"]
[SourceTitle "Ajedrez en Madrid"]
[Source "lmi"]
[SourceDate "2005.08.11"]
[SourceVersion "1"]
[SourceVersionDate "2020.06.30"]
[SourceQuality "1"]

1. e4 c5 2. Nf3 d6 3. Bc4 Nf6 4. Qe2 Nc6 5. O-O g6 6. c3 Bg7 7. Bb3 O-O 8. h3
Qb6 9. d3 Bd7 10. Nbd2 e6 11. Nc4 Qc7 12. Bf4 e5 13. Bg5 d5 14. exd5 Nxd5 15.
Ne3 Nde7 16. Ng4 Bxg4 17. hxg4 Kh8 18. a3 f5 19. gxf5 Nxf5 20. Nd2 Nd6 21. Ne4
Nxe4 22. dxe4 Bf6 23. Be3 b6 24. g3 Rad8 25. Kg2 Qe7 26. Bd5 Nb8 27. Qg4 Qd7
28. f3 Qxg4 29. fxg4 Na6 30. b4 cxb4 31. axb4 Nc7 32. Rxa7 Nb5 33. Rxh7+ Kxh7
34. Rh1+ Bh4 35. Rxh4+ Kg7 36. Bh6+ Kf6 37. g5+ Ke7 38. Bxf8+ Kxf8 39. c4 Nd6
40. Rh8+ Ke7 41. Rh7+ 1-0

[Event "15. Obert Internacional Pobla de Lillet"]
[Site "Pobla de Lillet ESP"]
[Date "2005.08.02"]
[Round "1.11"]
[White "Bruned, Vianney"]
[Black "Hanley, Craig"]
[Result "0-1"]
[WhiteElo "1933"]
[BlackElo "2367"]
[PlyCount "78"]
[EventDate "2005.08.02"]
[EventType "swiss"]
[EventRounds "9"]
[EventCountry "ESP"]
[SourceTitle "Ajedrez en Madrid"]
[Source "lmi"]
[SourceDate "2005.08.11"]
[SourceVersion "1"]
[SourceVersionDate "2020.06.30"]
[SourceQuality "1"]

1. e4 e5 2. Nf3 Nc6 3. Bb5 a6 4. Bxc6 dxc6 5. Nc3 Bd6 6. d4 exd4 7. Qxd4 f6 8.
O-O Ne7 9. e5 fxe5 10. Nxe5 Nf5 11. Qe4 Qe7 12. Re1 O-O 13. Nc4 Qf6 14. Nxd6
Nxd6 15. Qe2 Bg4 16. f3 Rae8 17. Be3 Bf5 18. Qf2 Qg6 19. Rac1 Re7 20. Ne2 Rfe8
21. Nf4 Qf7 22. b3 Bxc2 23. Rxc2 Qxf4 24. Bxf4 Rxe1+ 25. Qf1 Kf7 26. Rd2 Rxf1+
27. Kxf1 Ke6 28. Kf2 c5 29. g4 b5 30. Rc2 Kd5 31. Rd2+ Kc6 32. Rc2 a5 33. a3 c4
34. Bxd6 cxd6 35. bxc4 b4 36. axb4 axb4 37. Re2 Rxe2+ 38. Kxe2 Kc5 39. Kd3 g5
0-1

[Event "15. Obert Internacional Pobla de Lillet"]
[Site "Pobla de Lillet ESP"]
[Date "2005.08.02"]
[Round "1.12"]
[White "Granero Roca, Antonio"]
[Black "Escofet Llongueras, Joan"]
[Result "1-0"]
[WhiteElo "2342"]
[BlackElo "1918"]
[PlyCount "61"]
[EventDate "2005.08.02"]
[EventType "swiss"]
[EventRounds "9"]
[EventCountry "ESP"]
[SourceTitle "Ajedrez en Madrid"]
[Source "lmi"]
[SourceDate "2005.08.11"]
[SourceVersion "1"]
[SourceVersionDate "2020.06.30"]
[SourceQuality "1"]

1. g3 Nf6 2. Bg2 d5 3. c4 c6 4. Nf3 g6 5. d4 Bg7 6. Nc3 O-O 7. O-O Nbd7 8. cxd5
Nxd5 9. e4 Nxc3 10. bxc3 Nf6 11. e5 Nd5 12. Bb2 Nb6 13. Nd2 Be6 14. Qc2 Nc4 15.
Nxc4 Bxc4 16. Rfe1 Qd7 17. a4 a5 18. Ba3 Rfe8 19. Rab1 Rac8 20. Rb6 Bf8 21. Qb2
Rc7 22. Bc5 Ba6 23. e6 Qc8 24. Qb3 f5 25. h4 Bg7 26. h5 Bf6 27. Bf3 Kg7 28. Kg2
Rg8 29. Rh1 Qd8 30. Qa2 Bd3 31. Qd2 1-0

[Event "15. Obert Internacional Pobla de Lillet"]
[Site "Pobla de Lillet ESP"]
[Date "2005.08.02"]
[Round "1.13"]
[White "Molina Barba, Josep"]
[Black "Bruned, Yvain"]
[Result "0-1"]
[WhiteElo "1900"]
[BlackElo "2328"]
[PlyCount "68"]
[EventDate "2005.08.02"]
[EventType "swiss"]
[EventRounds "9"]
[EventCountry "ESP"]
[SourceTitle "Ajedrez en Madrid"]
[Source "lmi"]
[SourceDate "2005.08.11"]
[SourceVersion "1"]
[SourceVersionDate "2020.06.30"]
[SourceQuality "1"]

1. c4 Nf6 2. Nc3 e6 3. e3 Bb4 4. Nf3 b6 5. d4 Bb7 6. Bd3 Bxc3+ 7. bxc3 d6 8.
O-O c5 9. Re1 Nc6 10. e4 e5 11. Bg5 h6 12. Bxf6 Qxf6 13. d5 Na5 14. Qa4+ Kd8
15. Re3 Qe7 16. Nd2 Bc8 17. Qd1 Kc7 18. Qe2 Bd7 19. Rf1 g5 20. Bc2 Rac8 21. Nb3
Nb7 22. Nd2 h5 23. Qd1 Qe8 24. Qb1 Na5 25. Bd3 Qf8 26. Nb3 Nb7 27. Nd2 f6 28.
Rfe1 h4 29. Rf1 Qe8 30. f3 Qg6 31. Qe1 Rcg8 32. h3 Rg7 33. Kh2 Rhg8 34. Qd1 Qe8
0-1

[Event "15. Obert Internacional Pobla de Lillet"]
[Site "Pobla de Lillet ESP"]
[Date "2005.08.02"]
[Round "1.14"]
[White "Ayza Ballester, Jordi"]
[Black "Girona Campi, Joan"]
[Result "1-0"]
[WhiteElo "2300"]
[BlackElo "1884"]
[PlyCount "69"]
[EventDate "2005.08.02"]
[EventType "swiss"]
[EventRounds "9"]
[EventCountry "ESP"]
[SourceTitle "Ajedrez en Madrid"]
[Source "lmi"]
[SourceDate "2005.08.11"]
[SourceVersion "1"]
[SourceVersionDate "2020.06.30"]
[SourceQuality "1"]

1. e4 e5 2. Nf3 Nc6 3. Bb5 a6 4. Ba4 Bc5 5. O-O d6 6. c3 Bd7 7. d4 exd4 8. cxd4
Bb6 9. Nc3 Nge7 10. Bg5 f6 11. Bh4 O-O 12. e5 Bg4 13. exf6 gxf6 14. h3 Bxf3 15.
Qxf3 Nxd4 16. Qh5 Ng6 17. Nd5 c6 18. Ne3 d5 19. Rad1 Qe7 20. Rfe1 Qg7 21. Rxd4
Bxd4 22. Nf5 Bxf2+ 23. Bxf2 Qc7 24. Bc2 Rae8 25. Rf1 c5 26. Nh6+ Kg7 27. Ng4 d4
28. Bh4 f5 29. Bxf5 Qc6 30. Qh6+ Kh8 31. Kh2 Re2 32. Be4 Qd6+ 33. Bg3 Qe7 34.
Rxf8+ Qxf8 35. Be5+ 1-0

[Event "15. Obert Internacional Pobla de Lillet"]
[Site "Pobla de Lillet ESP"]
[Date "2005.08.02"]
[Round "1.15"]
[White "Solsona Manonelles, Josep"]
[Black "Bautista Sanchez, Joan"]
[Result "0-1"]
[WhiteElo "1875"]
[BlackElo "2250"]
[PlyCount "20"]
[EventDate "2005.08.02"]
[EventType "swiss"]
[EventRounds "9"]
[EventCountry "ESP"]
[SourceTitle "Ajedrez en Madrid"]
[Source "lmi"]
[SourceDate "2005.08.11"]
[SourceVersion "1"]
[SourceVersionDate "2020.06.30"]
[SourceQuality "1"]

1. d4 Nf6 2. c4 e6 3. Nc3 b6 4. e4 Bb4 5. Bd2 Bxc3 6. Bxc3 Nxe4 7. Qc2 Bb7 8.
f3 Qh4+ 9. Ke2 Qf2+ 10. Kd3 Qxc2+ 0-1

[Event "15. Obert Internacional Pobla de Lillet"]
[Site "Pobla de Lillet ESP"]
[Date "2005.08.02"]
[Round "1.23"]
[White "Muñoz Vila, Xavier"]
[Black "Garcia Galeote, Lorenzo"]
[Result "1-0"]
[WhiteElo "1955"]
[BlackElo "2110"]
[PlyCount "43"]
[EventDate "2005.08.02"]
[EventType "swiss"]
[EventRounds "9"]
[EventCountry "ESP"]
[SourceTitle "Ajedrez en Madrid"]
[Source "lmi"]
[SourceDate "2005.08.11"]
[SourceVersion "1"]
[SourceVersionDate "2020.06.30"]
[SourceQuality "1"]

1. d4 Nc6 2. c4 e5 3. e3 Bb4+ 4. Bd2 exd4 5. exd4 Qe7+ 6. Be2 Nxd4 7. Nc3 Nf6
8. a3 Bxc3 9. Bxc3 Nxe2 10. Nxe2 O-O 11. O-O d6 12. Ng3 Be6 13. Re1 Qd8 14. Qd4
c5 15. Qd3 d5 16. Bxf6 Qxf6 17. cxd5 Rfd8 18. Ne4 Qg6 19. d6 Bf5 20. Qd5 Bxe4
21. Rxe4 Qxd6 22. Re8+ 1-0

[Event "15. Obert Internacional Pobla de Lillet"]
[Site "Pobla de Lillet ESP"]
[Date "2005.08.03"]
[Round "2.1"]
[White "Garcia Riera, Josep"]
[Black "Moskalenko, Viktor"]
[Result "0-1"]
[WhiteElo "2099"]
[BlackElo "2534"]
[PlyCount "56"]
[EventDate "2005.08.02"]
[EventType "swiss"]
[EventRounds "9"]
[EventCountry "ESP"]
[SourceTitle "Ajedrez en Madrid"]
[Source "lmi"]
[SourceDate "2005.08.11"]
[SourceVersion "1"]
[SourceVersionDate "2020.06.30"]
[SourceQuality "1"]

1. d4 g6 2. Nf3 Bg7 3. c4 c5 4. d5 f5 5. Nc3 Nf6 6. g3 d6 7. Bg2 Na6 8. O-O O-O
9. e4 fxe4 10. Ng5 Nc7 11. Ncxe4 b5 12. Nxf6+ Rxf6 13. cxb5 Nxb5 14. a4 Nc7 15.
Bd2 h6 16. Ne4 Rf7 17. Qc1 Kh7 18. h4 Rb8 19. Bc3 Nxd5 20. Ng5+ hxg5 21. Bxd5
e6 22. Be4 gxh4 23. Qd1 Bxc3 24. Qh5+ Kg8 25. Bxg6 Rg7 26. bxc3 Qf6 27. Bd3 Bb7
28. Kh2 Rf8 0-1

[Event "15. Obert Internacional Pobla de Lillet"]
[Site "Pobla de Lillet ESP"]
[Date "2005.08.03"]
[Round "2.2"]
[White "Kosten, Anthony C"]
[Black "Fernandez Fernandez, Juan C"]
[Result "1-0"]
[WhiteElo "2522"]
[BlackElo "2098"]
[PlyCount "73"]
[EventDate "2005.08.02"]
[EventType "swiss"]
[EventRounds "9"]
[EventCountry "ESP"]
[SourceTitle "Ajedrez en Madrid"]
[Source "lmi"]
[SourceDate "2005.08.11"]
[SourceVersion "1"]
[SourceVersionDate "2020.06.30"]
[SourceQuality "1"]

1. c4 e5 2. Nc3 Nf6 3. Nf3 Nc6 4. g3 g6 5. d4 exd4 6. Nxd4 Bg7 7. Nxc6 bxc6 8.
Bg2 O-O 9. O-O Rb8 10. Qa4 a6 11. Qc2 c5 12. b3 d6 13. Bb2 Be6 14. Rad1 Qc8 15.
e4 Bh3 16. f4 Bxg2 17. Qxg2 Qe6 18. f5 Qe8 19. Rde1 Qd7 20. g4 h6 21. e5 Nh7
22. h4 g5 23. hxg5 hxg5 24. Qd2 Rbe8 25. Ne4 Bxe5 26. Nxc5 Qc6 27. Bxe5 Rxe5
28. Rxe5 dxe5 29. Qe3 Qd6 30. Ne4 Qd4 31. Qxd4 exd4 32. Rd1 Rd8 33. Kf2 Kf8 34.
b4 Ke7 35. Kf3 f6 36. Nc5 Rd6 37. Ne6 1-0

[Event "15. Obert Internacional Pobla de Lillet"]
[Site "Pobla de Lillet ESP"]
[Date "2005.08.03"]
[Round "2.3"]
[White "Sanfeliu Fabregas, Albert"]
[Black "Hebden, Mark"]
[Result "0-1"]
[WhiteElo "2087"]
[BlackElo "2510"]
[PlyCount "48"]
[EventDate "2005.08.02"]
[EventType "swiss"]
[EventRounds "9"]
[EventCountry "ESP"]
[SourceTitle "Ajedrez en Madrid"]
[Source "lmi"]
[SourceDate "2005.08.11"]
[SourceVersion "1"]
[SourceVersionDate "2020.06.30"]
[SourceQuality "1"]

1. e4 e5 2. d4 exd4 3. Qxd4 Nc6 4. Qe3 Nf6 5. Nc3 Nb4 6. Bd3 Be7 7. e5 Ng4 8.
Qe4 d5 9. exd6 Qxd6 10. Bf4 Qc5 11. Bg3 Nxd3+ 12. Qxd3 O-O 13. Qb5 Bf5 14. h3
Nf6 15. Qxc5 Bxc5 16. O-O-O Rfe8 17. Nd5 Ne4 18. Nxc7 Nxg3 19. fxg3 Be3+ 20.
Kb1 Rac8 21. Rf1 Bg6 22. Nxe8 Rxc2 23. Ka1 Bd4 24. Rb1 Bxb2+ 0-1

[Event "15. Obert Internacional Pobla de Lillet"]
[Site "Pobla de Lillet ESP"]
[Date "2005.08.03"]
[Round "2.4"]
[White "Petkov, Vladimir"]
[Black "Mila Tejera, Jordi"]
[Result "1-0"]
[WhiteElo "2475"]
[BlackElo "2083"]
[PlyCount "69"]
[EventDate "2005.08.02"]
[EventType "swiss"]
[EventRounds "9"]
[EventCountry "ESP"]
[SourceTitle "Ajedrez en Madrid"]
[Source "lmi"]
[SourceDate "2005.08.11"]
[SourceVersion "1"]
[SourceVersionDate "2020.06.30"]
[SourceQuality "1"]

1. d4 d5 2. c4 e6 3. Nc3 Nf6 4. Bg5 c6 5. cxd5 exd5 6. e3 Be7 7. Bd3 O-O 8. Qc2
Nbd7 9. Nf3 Re8 10. h3 h6 11. Bf4 Nb6 12. g4 c5 13. dxc5 Bxc5 14. O-O-O g5 15.
Be5 Be6 16. Kb1 Nbd7 17. Bd4 Rc8 18. Bf5 Ne4 19. Bxe4 dxe4 20. Bxc5 Rxc5 21.
Nd2 Bd5 22. Nb3 Bxb3 23. Qxb3 Qe7 24. Qxb7 Rb8 25. Qxd7 Qxd7 26. Rxd7 Rxc3 27.
Rhd1 Rc6 28. Rxa7 Rf6 29. Rd2 Rf3 30. a4 Rxh3 31. a5 Rh1+ 32. Ka2 Rg1 33. Rdd7
Rf8 34. a6 Rxg4 35. Rab7 1-0

[Event "15. Obert Internacional Pobla de Lillet"]
[Site "Pobla de Lillet ESP"]
[Date "2005.08.03"]
[Round "2.5"]
[White "Yastrebova, Tatiana"]
[Black "Baron Rodriguez, Jesus"]
[Result "1-0"]
[WhiteElo "2082"]
[BlackElo "2445"]
[PlyCount "87"]
[EventDate "2005.08.02"]
[EventType "swiss"]
[EventRounds "9"]
[EventCountry "ESP"]
[SourceTitle "Ajedrez en Madrid"]
[Source "lmi"]
[SourceDate "2005.08.11"]
[SourceVersion "1"]
[SourceVersionDate "2020.06.30"]
[SourceQuality "1"]

1. d4 d5 2. c4 e6 3. Nc3 c6 4. cxd5 exd5 5. Nf3 Bd6 6. Bg5 Ne7 7. e3 Bf5 8. Bd3
Bxd3 9. Qxd3 O-O 10. O-O Na6 11. a3 Nc7 12. b4 Ne6 13. Bh4 a6 14. Na4 b5 15.
Nc5 Nxc5 16. bxc5 Bc7 17. e4 dxe4 18. Qxe4 f6 19. Rfe1 Rf7 20. Rad1 Ba5 21. Re3
Nd5 22. Bg3 Re7 23. Qd3 Nxe3 24. fxe3 Qd5 25. Nh4 Re4 26. Rf1 Rae8 27. Nf5 R8e6
28. Rf3 Qa2 29. h3 Qd2 30. Qb3 g6 31. Nh6+ Kg7 32. Ng4 Qc3 33. Qa2 Qc4 34. Qf2
Bd8 35. Bh4 Qc1+ 36. Kh2 Bc7+ 37. Bg3 h5 38. Nxf6 Rxe3 39. Nxh5+ gxh5 40. Rf7+
Kh6 41. Bxc7 R3e4 42. Rf6+ Kg7 43. Rf7+ Kh6 44. Qf5 1-0

[Event "15. Obert Internacional Pobla de Lillet"]
[Site "Pobla de Lillet ESP"]
[Date "2005.08.03"]
[Round "2.6"]
[White "Pogorelov, Ruslan"]
[Black "Ayza Leon, David"]
[Result "1-0"]
[WhiteElo "2442"]
[BlackElo "2078"]
[PlyCount "61"]
[EventDate "2005.08.02"]
[EventType "swiss"]
[EventRounds "9"]
[EventCountry "ESP"]
[SourceTitle "Ajedrez en Madrid"]
[Source "lmi"]
[SourceDate "2005.08.11"]
[SourceVersion "1"]
[SourceVersionDate "2020.06.30"]
[SourceQuality "1"]

1. Nf3 d5 2. d4 Nf6 3. c4 c6 4. Nc3 dxc4 5. a4 Bf5 6. Ne5 Nbd7 7. Nxc4 Nd5 8.
f3 e5 9. e4 Nxc3 10. bxc3 Be6 11. Ne3 exd4 12. cxd4 Bb4+ 13. Bd2 Qg5 14. Bxb4
Qxe3+ 15. Be2 Bc4 16. Qd2 Qxd2+ 17. Kxd2 Bxe2 18. Kxe2 f6 19. a5 Kf7 20. Rhc1
Rac8 21. Rc2 c5 22. dxc5 Ne5 23. Rd2 Rhd8 24. Rxd8 Rxd8 25. a6 Nd3 26. Ba5 Nf4+
27. Ke3 Nxg2+ 28. Kf2 b6 29. cxb6 axb6 30. Bxb6 Rd2+ 31. Kf1 1-0

[Event "15. Obert Internacional Pobla de Lillet"]
[Site "Pobla de Lillet ESP"]
[Date "2005.08.03"]
[Round "2.7"]
[White "Scalzi Evans, Federico"]
[Black "Movsziszian, Karen"]
[Result "0-1"]
[WhiteElo "2082"]
[BlackElo "2439"]
[PlyCount "70"]
[EventDate "2005.08.02"]
[EventType "swiss"]
[EventRounds "9"]
[EventCountry "ESP"]
[SourceTitle "Ajedrez en Madrid"]
[Source "lmi"]
[SourceDate "2005.08.11"]
[SourceVersion "1"]
[SourceVersionDate "2020.06.30"]
[SourceQuality "1"]

1. d4 g6 2. Nf3 Bg7 3. c4 Nf6 4. Nc3 O-O 5. e4 d6 6. Be2 Nbd7 7. O-O e5 8. Be3
Ng4 9. Bg5 f6 10. Bc1 Nh6 11. dxe5 dxe5 12. b4 c6 13. Rb1 Nf7 14. Qb3 f5 15. c5
f4 16. Nd2 Nf6 17. Bc4 Qe7 18. b5 g5 19. bxc6 bxc6 20. Qa4 Qc7 21. Ba3 g4 22.
Bb4 f3 23. Ba5 Qd7 24. Rfd1 Qe8 25. Qb3 fxg2 26. Bc7 Kh8 27. Bxf7 Rxf7 28. Bd6
Be6 29. Qa3 Nh5 30. Ne2 Qd8 31. Rb2 Qf6 32. Qe3 Bh6 33. Bxe5 Qxe5 34. Qxh6 Rf6
35. f4 Qxc5+ 0-1

[Event "15. Obert Internacional Pobla de Lillet"]
[Site "Pobla de Lillet ESP"]
[Date "2005.08.03"]
[Round "2.8"]
[White "Bernal Moro, Luis Javier"]
[Black "Nogue Fajula, Joan"]
[Result "1-0"]
[WhiteElo "2431"]
[BlackElo "2069"]
[PlyCount "71"]
[EventDate "2005.08.02"]
[EventType "swiss"]
[EventRounds "9"]
[EventCountry "ESP"]
[SourceTitle "Ajedrez en Madrid"]
[Source "lmi"]
[SourceDate "2005.08.11"]
[SourceVersion "1"]
[SourceVersionDate "2020.06.30"]
[SourceQuality "1"]

1. Nf3 Nf6 2. c4 c5 3. Nc3 d5 4. cxd5 Nxd5 5. e3 Nc6 6. Bb5 Nc7 7. Bxc6+ bxc6
8. Qa4 Bd7 9. Ne5 Nb5 10. b3 Nxc3 11. dxc3 Qc7 12. Nxd7 Qxd7 13. Ba3 e6 14. O-O
Be7 15. Qc4 Qd5 16. Qg4 O-O 17. Rad1 Qe5 18. Rd7 Bd6 19. Qg3 Rfd8 20. Qxe5 Bxe5
21. Rfd1 Rxd7 22. Rxd7 c4 23. bxc4 h6 24. g3 a5 25. f4 Bxc3 26. Bd6 Ra6 27. c5
a4 28. Rb7 Ba5 29. g4 Ra8 30. h4 Bc3 31. Rb6 a3 32. Rxc6 Ra4 33. Rc8+ Kh7 34.
c6 Bd2 35. c7 Bxe3+ 36. Kg2 1-0